00753nam a2200229Ia 4500003000900000008004100009040001300050040001300063041000800076100002800084245007300112250001100185260002300196260000900219300001000228300001200238490003900250490000600289942000700295999001700302952020400319IT-RoPAU120407s9999 xx 000 0 und d aIT-RoPAU cIT-RoPAU aita aMaria Marcellina Pedico a"La domenica mariana prenatalizia Note storiche - eucologia attuale" aRovigo aCentro Mariano SMR c1979 a80 p. c19,5 cm aQuaderni di spiritualità mariana v1 cBK c36833d36833 00102ddc406264_400000000000000_4471aPAULUSbPAULUSd2012-04-11l0o264.4.44r2012-04-11 00:00:00w2012-04-11yBKzInserito da: Mario In data: 19 settembre 2011 fondo: Via A.Severo 56 Progr:19196